000 01467cam a2200205 4500
001 L130448
008 050729n2005 000 0 eng u
020 _a1845321006
035 _a(Sirsi) u130448
041 _aeng
110 _aUnited Kingdom
_bHM Treasury
245 _aHousing policy
_ban overview
260 _aLondon
_bHM Treasury
_c2005
520 _a"Housing policy: an overview" sets out the importance of the government housing agenda for achieving the UK's social and economic priorities and for delivering stability and opportunity. The document builds on the detailed and comprehensive analysis set out in the Barker review of housing supply and progresses the government vision for more and better homes found in the Sustainable Communities Plan and "Homes for all and extending home ownership". It issues the challenge: either build more houses and extend home ownership to one million new homeowners in the next five years or accept the status quo of increasingly unaffordable housing constraining the nation's social and economic ambitions.
590 _aIKA020805
690 _aPROPERTY-RESIDENTIAL PROPERTY-RESIDENTIAL PROPERTY DEVELOPMENT
710 _aOffice of the Deputy Prime Minister
_94685
856 _uhttps://webarchive.nationalarchives.gov.uk/20060213221549/http://www.hm-treasury.gov.uk/media/296/69/housing_policy190705.pdf
_zView "Housing policy: an overview" free of charge at webarchive.nationalarchives.gov.uk
942 _n0
999 _c104458
_d104458